000
00251nam a22001217a 4500
008
181023b xxu||||| |||| 00| 0 eng d
041
_a
eng
080
_a
004
100
_a
37
101
_a
SHK
245
_a
Word 2013
_c
Rutkosky.T
942
_2
udc
_c
BK
999
_c
50609
_d
50609